Sports Quiz

Random Sports or NFL Quiz

NFL Thing Quiz Stats

Quiz not verified by Sporcle

Challenge
Share
Tweet
Embed
Score 0/16 Timer 10:00
0 Plays Today
% Correct
Andrew Luck
81.3%
yeah it's this one
81.3%
Rickey Watters
71.9%
Penalties offset replay the down
62.5%
Baji
62.5%
Joe Namath
62.5%
team that revocered ball gets it back at 1st lateral guy
56.3%
Theismann
56.3%
% Correct
Curtis Martin
50%
Namath
43.8%
Kolber
43.8%
Paul Maguire
40.6%
Mike Patrick
37.5%
team that recovered keep ball 15yd penalty from spot of complete play
34.4%
QB speared they get ball back 3rd down and 5
31.3%
team gets drop kick at spot of foul 1st down
28.1%

You're not logged in!

Compare scores with friends on all Sporcle quizzes.
Sign Up with Email
OR
Log In

You Might Also Like...

Show Comments

Extras

Top Quizzes Today


Score Distribution

Your Account Isn't Verified!

In order to create a playlist on Sporcle, you need to verify the email address you used during registration. Go to your Sporcle Settings to finish the process.

Report this User

Report this user for behavior that violates our Community Guidelines.

Details: